书目信息 |
| 题名: |
怎样绘制社队地图
|
|
| 作者: | ;武汉测绘学院地图制图系 编 | |
| 分册: | ||
| 出版信息: | 北京 测绘出版社 1979 |
|
| 页数: | 223页 | |
| 开本: | 19cm | |
| 丛书名: | 农村科学实验丛书 | |
| 单 册: | ||
| 中图分类: | P285.1 | |
| 科图分类: | ||
| 主题词: | 县社地图-地图编绘--中国 , 地图编绘-县社地图--中国 | |
| 电子资源: | ||
| ISBN: | 15039.新85 | |
| 000 | 00795oam2 2200265 450 | |
| 001 | 0179003692 | |
| 005 | 20100712215546.0 | |
| 010 | @a15039.新85@dCNY0.55 | |
| 091 | @a15039.新85 | |
| 100 | @a19950726d1979 em y0chiy0110 ea | |
| 101 | 0 | @achi |
| 102 | @aCN@b110000 | |
| 105 | @ay z 000yy | |
| 106 | @ar | |
| 200 | 1 | @a怎样绘制社队地图@9Zen Yang Hui Zhi She Dui Di;De Tu @f武汉测绘学院地图制图系编 |
| 210 | @a北京@c测绘出版社@d1979 | |
| 215 | @a223页@d19cm | |
| 225 | 2 | @a农村科学实验丛书 |
| 461 | 0 | @12001 @a农村科学实验丛书 |
| 606 | 0 | @a县社地图-地图编绘@y中国 |
| 606 | 0 | @a地图编绘-县社地图@y中国 |
| 690 | @aP285.1@v3 | |
| 711 | 02 | @a武汉测绘学院地图制图系@9wu han ce hui xue yuan di tu zhi tu xi@4编 |
| 801 | 0 | @aCN@bAzMarc@c20130904 |
| 905 | @aBZT@dP285.1@e5@f10@sP285.1/5 | |
| 怎样绘制社队地图/武汉测绘学院地图制图系编.-北京:测绘出版社,1979 |
| 223页;19cm.-(农村科学实验丛书) |
| ISBN 15039.新85:CNY0.55 |
| ● |
| 相关链接 |
|
|
|
正题名:怎样绘制社队地图
索取号:P285.1/5
 
预约/预借
| 序号 | 登录号 | 条形码 | 馆藏地/架位号 | 状态 | 备注 |
| 1 | 2000077652 | 2000077652 | 旧书回溯/ [索取号:P285.1/5] | 在馆 | |
| 2 | 2000077653 | 2000077653 | 旧书回溯/ [索取号:P285.1/5] | 在馆 | |
| 3 | 2000077657 | 2000077657 | 旧书回溯/ [索取号:P285.1/5] | 在馆 | |
| 4 | 2000104288 | 2000104288 | 旧书回溯/ [索取号:P285.1/5] | 在馆 | |
| 5 | 2000104289 | 2000104289 | 旧书回溯/ [索取号:P285.1/5] | 在馆 | |
| 6 | 2000106479 | 2000106479 | 旧书回溯/ [索取号:P285.1/5] | 在馆 | |
| 7 | 2000106480 | 2000106480 | 旧书回溯/ [索取号:P285.1/5] | 在馆 | |
| 8 | 2000117272 | 2000117272 | 旧书回溯/ [索取号:P285.1/5] | 在馆 | |
| 9 | 2000117273 | 2000117273 | 旧书回溯/ [索取号:P285.1/5] | 在馆 | |
| 10 | 2000117274 | 2000117274 | 旧书回溯/ [索取号:P285.1/5] | 在馆 |